Estadísticas para Islas Más Grandes de Grecia

Haz click aquí para tomar la prueba!

Estadísticas generales

  • Esta prueba ha sido tomada 1.447 veces
  • La puntuación promedio es 6 de 16

Respuestas en el mapa

Las respuestas están codificadas por una escala verde-roja en el mapa de la prueba según el % correcto abajo.
 

Estadísticas de respuestas

km 2Island% Correcto
3,219Creta
97%
630Lesbos
62%
541Rodas
59%
229Corfú
50%
166Naxos
34%
1,417Eubea
32%
184Samos
30%
302Cefalonia
27%
325Chíos
26%
112Cos
25%
184Lemnos
23%
157Zante
22%
147Andros
21%
147Tasos
21%
116Kárpatos
18%
117Léucade
17%

Distribución de puntuación

Porcentaje por número respondido

Porcentaje de gente con cada puntuación

Historial de tus puntuaciones

No has tomado esta prueba